MARC details
| 000 -LEADER |
| fixed length control field |
04393cgm a2200901 i 4500 |
| 001 - CONTROL NUMBER |
| control field |
on1198451394 |
| 003 - CONTROL NUMBER IDENTIFIER |
| control field |
OCoLC |
| 005 - DATE AND TIME OF LATEST TRANSACTION |
| control field |
20201109101223.0 |
| 007 - PHYSICAL DESCRIPTION FIXED FIELD--GENERAL INFORMATION |
| fixed length control field |
vd cvaizq |
| 008 - FIXED-LENGTH DATA ELEMENTS--GENERAL INFORMATION |
| fixed length control field |
201001p20202019xxu423 vleng d |
| 040 ## - CATALOGING SOURCE |
| Original cataloging agency |
TEFMT |
| Language of cataloging |
eng |
| Description conventions |
rda |
| Transcribing agency |
TEFMT |
| Modifying agency |
OCLCO |
| -- |
TEF |
| -- |
OCP |
| -- |
OCLCF |
| -- |
UINTA |
| 024 1# - OTHER STANDARD IDENTIFIER |
| Standard number or code |
767685163900 |
| 028 42 - PUBLISHER NUMBER |
| Publisher number |
CIN DHM6390D |
| Source |
Hallmark |
| 035 ## - SYSTEM CONTROL NUMBER |
| System control number |
(OCoLC)1198451394 |
| 037 ## - SOURCE OF ACQUISITION |
| Source of stock number/acquisition |
Midwest Tape |
| Note |
http://www.midwesttapes.com |
| 041 0# - LANGUAGE CODE |
| Language code of text/sound track or separate title |
eng |
| -- |
eng |
| Language code of original and/or intermediate translations of text |
eng |
| 043 ## - GEOGRAPHIC AREA CODE |
| Geographic area code |
n-usp-- |
| 046 ## - SPECIAL CODED DATES |
| Type of date code |
s |
| Beginning or single date created |
2019 |
| Source of date |
edtf |
| 050 #4 - LIBRARY OF CONGRESS CALL NUMBER |
| Classification number |
PN1992.77 |
| Item number |
.W44 2020 |
| 082 04 - DEWEY DECIMAL CLASSIFICATION NUMBER |
| Classification number |
791.45/75 |
| Edition number |
23 |
| 049 ## - LOCAL HOLDINGS (OCLC) |
| Holding library |
UCLB |
| 130 0# - MAIN ENTRY--UNIFORM TITLE |
| Uniform title |
When hope calls (Television program). |
| Number of part/section of a work |
Season 1. |
| 9 (RLIN) |
6384360 |
| 245 10 - TITLE STATEMENT |
| Title |
When hope calls. |
| Number of part/section of a work |
Season 1. |
| 250 ## - EDITION STATEMENT |
| Edition statement |
Limited edition. |
| 264 #1 - Production, Publication, Distribution, Manufacture, and Copyright Notice. |
| Place of production, publication, distribution, manufacture |
[United States] : |
| Name of producer, publisher, distributor, manufacturer |
Hallmark, |
| Date of production, publication, distribution, manufacture, or copyr |
[2020] |
| 300 ## - PHYSICAL DESCRIPTION |
| Extent |
2 videodiscs (423 min.) : |
| Other physical details |
sound, color ; |
| Dimensions |
4 3/4 in. |
| 336 ## - Content Type |
| Content type term |
two-dimensional moving image |
| 337 ## - Media type |
| Media type term |
video |
| 338 ## - Carrier type |
| Carrier type term |
videodisc |
| 344 ## - |
| -- |
digital |
| -- |
rdatr |
| 344 ## - |
| -- |
optical |
| -- |
rdarm |
| 344 ## - |
| -- |
surround |
| -- |
rdacpc |
| 344 ## - |
| -- |
Dolby digital 5.1 |
| 346 ## - |
| -- |
NTSC |
| -- |
rdabs |
| 347 ## - |
| -- |
video file |
| -- |
rdaft |
| 347 ## - |
| -- |
DVD video |
| 380 ## - |
| -- |
Television programs |
| -- |
lcgft |
| 538 ## - SYSTEM DETAILS NOTE |
| System details note |
DVD, NTSC region 1; wide screen; Dolby digital 5.1. |
| 546 ## - LANGUAGE NOTE |
| Language note |
English dialogue; Closed captioned and subtitled for the deaf and hard of hearing. |
| 500 ## - GENERAL NOTE |
| General note |
Title from disc label. |
| 511 1# - PARTICIPANT OR PERFORMER NOTE |
| Participant or performer note |
Jocelyn Hudon, Morgan Kohan, Ryan-James Hatanaka, Greg Hovanessian, Wendy Crewson, Neil Crone, Elizabeth Saunders. |
| 500 ## - GENERAL NOTE |
| General note |
Originally broadcast as single episodes of a television program in 2019. |
| 500 ## - GENERAL NOTE |
| General note |
Wide screen. |
| 521 8# - TARGET AUDIENCE NOTE |
| Target audience note |
TV rating: TV-G. |
| 520 ## - SUMMARY, ETC. |
| Summary, etc |
Lillian and Grace are sisters who open an orphanage in the 1916 Western town of Brookfield. As the two are caught between the traditions of cattle ranchers and the ambitions of a growing town, they strive to find romance and happiness while overcoming the challenges of helping the children in their care. Throughout their journey, they discover community, acceptance and love as they create the family they always longed to have. |
| 505 0# - FORMATTED CONTENTS NOTE |
| Formatted contents note |
disc 1. Episode 1: New hope ; Episode 2: From the ashes ; Episode 3: Out of the past ; Episode 4: Lost and found ; Episode 5: A house united -- |
| 505 8# - FORMATTED CONTENTS NOTE |
| Formatted contents note |
disc 2. Episode 6: The search ; Episode 7: Surprise ; Episode 8: About a girl ; Episode 9: House in order ; Episode 10: Where hope goes. |
| 500 ## - GENERAL NOTE |
| General note |
"A Hallmark Channel original series"--Container. |
| 500 ## - GENERAL NOTE |
| General note |
"The heartwarming spin-off of When calls the heart"--Container. |
| 650 #0 - SUBJECT ADDED ENTRY--TOPICAL TERM |
| Topical term or geographic name as entry element |
Sisters |
| Form subdivision |
Drama. |
| 9 (RLIN) |
5712045 |
| 650 #0 - SUBJECT ADDED ENTRY--TOPICAL TERM |
| Topical term or geographic name as entry element |
Ranchers |
| Form subdivision |
Drama. |
| 9 (RLIN) |
6384361 |
| 650 #0 - SUBJECT ADDED ENTRY--TOPICAL TERM |
| Topical term or geographic name as entry element |
Orphanages |
| Form subdivision |
Drama. |
| 9 (RLIN) |
5706846 |
| 650 #0 - SUBJECT ADDED ENTRY--TOPICAL TERM |
| Topical term or geographic name as entry element |
Communities |
| Form subdivision |
Drama. |
| 9 (RLIN) |
6362065 |
| 650 #0 - SUBJECT ADDED ENTRY--TOPICAL TERM |
| Topical term or geographic name as entry element |
Frontier and pioneer life |
| Geographic subdivision |
West (U.S.) |
| Form subdivision |
Drama. |
| 9 (RLIN) |
5745852 |
| 651 #0 - SUBJECT ADDED ENTRY--GEOGRAPHIC NAME |
| Geographic name |
West (U.S.) |
| Chronological subdivision |
20th century |
| Form subdivision |
Drama. |
| 9 (RLIN) |
6384362 |
| 650 #7 - SUBJECT ADDED ENTRY--TOPICAL TERM |
| Topical term or geographic name as entry element |
Communities. |
| Source of heading or term |
fast |
| -- |
(OCoLC)fst01430092 |
| 9 (RLIN) |
6384363 |
| 650 #7 - SUBJECT ADDED ENTRY--TOPICAL TERM |
| Topical term or geographic name as entry element |
Frontier and pioneer life. |
| Source of heading or term |
fast |
| -- |
(OCoLC)fst00935370 |
| 9 (RLIN) |
6384364 |
| 650 #7 - SUBJECT ADDED ENTRY--TOPICAL TERM |
| Topical term or geographic name as entry element |
Orphanages. |
| Source of heading or term |
fast |
| -- |
(OCoLC)fst01048423 |
| 9 (RLIN) |
6384365 |
| 650 #7 - SUBJECT ADDED ENTRY--TOPICAL TERM |
| Topical term or geographic name as entry element |
Ranchers. |
| Source of heading or term |
fast |
| -- |
(OCoLC)fst01089749 |
| 9 (RLIN) |
6384366 |
| 650 #7 - SUBJECT ADDED ENTRY--TOPICAL TERM |
| Topical term or geographic name as entry element |
Sisters. |
| Source of heading or term |
fast |
| -- |
(OCoLC)fst01119758 |
| 9 (RLIN) |
6384367 |
| 651 #7 - SUBJECT ADDED ENTRY--GEOGRAPHIC NAME |
| Geographic name |
West United States. |
| Source of heading or term |
fast |
| -- |
(OCoLC)fst01243255 |
| 9 (RLIN) |
6384368 |
| 648 #7 - SUBJECT ADDED ENTRY--CHRONOLOGICAL TERM |
| Chronological term |
1900-1999 |
| Source of heading or term |
fast |
| 9 (RLIN) |
5675279 |
| 655 #7 - INDEX TERM--GENRE/FORM |
| Genre/form data or focus term |
Drama. |
| Source of term |
fast |
| -- |
(OCoLC)fst01423879 |
| 9 (RLIN) |
6384369 |
| 655 #7 - INDEX TERM--GENRE/FORM |
| Genre/form data or focus term |
Fiction television programs. |
| Source of term |
fast |
| -- |
(OCoLC)fst01710265 |
| 9 (RLIN) |
5673656 |
| 655 #7 - INDEX TERM--GENRE/FORM |
| Genre/form data or focus term |
Television programs. |
| Source of term |
fast |
| -- |
(OCoLC)fst01726253 |
| 9 (RLIN) |
6384370 |
| 655 #7 - INDEX TERM--GENRE/FORM |
| Genre/form data or focus term |
Television programs for the hearing impaired. |
| Source of term |
fast |
| -- |
(OCoLC)fst01710267 |
| 9 (RLIN) |
5673659 |
| 655 #7 - INDEX TERM--GENRE/FORM |
| Genre/form data or focus term |
Video recordings for the hearing impaired. |
| Source of term |
fast |
| -- |
(OCoLC)fst01710450 |
| 9 (RLIN) |
6384371 |
| 655 #7 - INDEX TERM--GENRE/FORM |
| Genre/form data or focus term |
Television programs. |
| Source of term |
lcgft |
| 9 (RLIN) |
6384370 |
| 655 #7 - INDEX TERM--GENRE/FORM |
| Genre/form data or focus term |
Fiction television programs. |
| Source of term |
lcgft |
| 9 (RLIN) |
5673656 |
| 655 #7 - INDEX TERM--GENRE/FORM |
| Genre/form data or focus term |
Video recordings for the hearing impaired. |
| Source of term |
lcgft |
| 9 (RLIN) |
6384371 |
| 655 #7 - INDEX TERM--GENRE/FORM |
| Genre/form data or focus term |
Television programs for the hearing impaired. |
| Source of term |
lcgft |
| 9 (RLIN) |
5673659 |
| 700 1# - ADDED ENTRY--PERSONAL NAME |
| Personal name |
Hudon, Jocelyn, |
| Dates associated with a name |
1994- |
| Relator term |
actor. |
| 9 (RLIN) |
6384372 |
| 700 1# - ADDED ENTRY--PERSONAL NAME |
| Personal name |
Kohan, Morgan, |
| Relator term |
actor. |
| 9 (RLIN) |
6384373 |
| 700 1# - ADDED ENTRY--PERSONAL NAME |
| Personal name |
Hatanaka, Ryan-James, |
| Relator term |
actor. |
| 9 (RLIN) |
6384374 |
| 700 1# - ADDED ENTRY--PERSONAL NAME |
| Personal name |
Hovanessian, Greg, |
| Relator term |
actor. |
| 9 (RLIN) |
6384375 |
| 710 2# - ADDED ENTRY--CORPORATE NAME |
| Corporate name or jurisdiction name as entry element |
Hallmark Channel (Television network), |
| Relator term |
publisher. |
| 9 (RLIN) |
5690645 |
| 994 ## - |
| -- |
C0 |
| -- |
UINTA |